000 00473nam a2200169 i 4500
001 bg
100 1 _aBROJAN, Jerzy Bronisław
245 0 _aZbiór zadań z mechaniki kwantowej /
_cJerzy Bronisław Brojan, Jan Mostowski, Krzysztof Wódkiewicz.
260 _aWarszawa,
_c1976.
700 1 _aMOSTOWSKI, Jan
700 1 _aWÓDKIEWICZ, Krzysztof
040 _cBPK
041 _apol
080 _a530.145(076)
942 _cKS
008 s pl f |000 0 pol
999 _c27507
_d27507
856 _uhttp://koha.tu.koszalin.pl/cgi-bin/koha/opac-detail.pl?biblionumber=27507
_yKatalog online BPK